Migration and refugee law : (Record no. 38062)

MARC details
000 -LEADER
fixed length control field 02847cam a22002894a 4500
020 ## - INTERNATIONAL STANDARD BOOK NUMBER
ISBN 9780521714327 (pb : alk. paper)
041 ## - LANGUAGE CODE
Language code of text/sound track or separate title eng.
082 00 - DEWEY DECIMAL CLASSIFICATION NUMBER
Classification number 342.94083
Item number VRA-M
100 ## - MAIN ENTRY--AUTHOR NAME
Personal name Vrachnas, John
Relator term author.
245 00 - TITLE STATEMENT
Title Migration and refugee law :
Sub Title principles and practice in Australia /
Statement of responsibility, etc John Vrachnas ... [et al.].
250 ## - EDITION STATEMENT
Edition statement 2nd ed.
260 ## - PUBLICATION, DISTRIBUTION, ETC. (IMPRINT)
Place of publication Cambridge ;
-- New York :
Name of publisher Cambridge University Press,
Year of publication 2008.
300 ## - PHYSICAL DESCRIPTION
Number of Pages xxvi, 336p.
504 ## - BIBLIOGRAPHY, ETC. NOTE
Bibliography, etc Includes bibliographical references and index.
505 0# - FORMATTED CONTENTS NOTE
Formatted contents note Historical context to migration -- Immigration control: an overview -- Basic migration legislation and policy -- The visa system and application procedures -- Family and interdependency migration and other Australia-based visas -- Business and investment visas -- Skill-based visas -- Temporary visas -- Miscellaneous visas -- Common visa requirements -- Compliance: unlawful non-citizens, removal and deportation -- History of the refugees convention and definitional framework -- Refugee and humanitarian visas: the statutory structure -- Convention grounds -- Persecution -- Well-founded fear of persecution -- Limits on protection of refugees: cessation, exclusion exceptions, and protection by another country -- Time for a fundamental re-think: need as the criterion for assistance -- The determination and review process for migration and refugee decisions.
520 ## - SUMMARY, ETC.
Summary, etc Migration and refugee law and policy is fundamentally concerned with the choices that we as a nation make regarding the people that we allow into our community and to share our resources. Migration and Refugee Law: Principles and Practice in Australia 2nd Edition provides an overview of the legal principles governing the entry of people into Australia. The 2nd edition encompasses legislative amendments and significant judicial decisions to 2007. As well as dealing with migration and refugee law today, the book analyses the policy and moral considerations underpinning this area of law. This is especially so in relation to refugee law, which is one of the most divisive social issues of our time. The book suggests proposals for change and how this area of law can be made more coherent and principled. This book is written for all people who have an interest in migration and refugee law.
546 ## - LANGUAGE NOTE
Language note English.
650 #0 - SUBJECT ADDED ENTRY--TOPICAL TERM
Topical Term Emigration and immigration law
Geographic subdivision Australia.
650 #0 - SUBJECT ADDED ENTRY--TOPICAL TERM
Topical Term Political refugees
Geographic subdivision Australia.
General subdivision Legal status, laws, etc.
650 #0 - SUBJECT ADDED ENTRY--TOPICAL TERM
Topical Term Right of Asylum
Geographic subdivision Australia.
700 1# - ADDED ENTRY--PERSONAL NAME
Personal name Boyd, Kim
Relator term author.
700 1# - ADDED ENTRY--PERSONAL NAME
Personal name Bagaric, Mirko ...[et al.]
Relator term author.
856 42 - ELECTRONIC LOCATION AND ACCESS
Uniform Resource Identifier http://www.loc.gov/catdir/enhancements/fy0803/2007037942-b.html
856 41 - ELECTRONIC LOCATION AND ACCESS
Uniform Resource Identifier http://www.loc.gov/catdir/enhancements/fy0803/2007037942-t.html
856 42 - ELECTRONIC LOCATION AND ACCESS
Uniform Resource Identifier http://www.loc.gov/catdir/enhancements/fy0803/2007037942-d.html
942 ## - ADDED ENTRY ELEMENTS (KOHA)
Source of classification or shelving scheme Dewey Decimal Classification
Koha item type Books
Holdings
Withdrawn status Lost status Damaged status Not for loan Home library Current library Date acquired Source of acquisition Cost, normal purchase price Full call number Accession Number Cost, replacement price Price effective from Koha item type
        NASSDOC Library NASSDOC Library 16/03/2023 Overseas 0.00 342.94083 VRA-M 52633 0.00 11/05/2023 Books